Statistiques concernant Culture Générale - Série 1170

Cliquez ici pour prendre le quiz!

Statistiques générales

  • Ce quiz a été pris 32 fois
  • Le résultat moyen est 8 sur 10

Statistiques - réponses

Question Réponse % Correct
Dans le conte perse, contre combien de voleurs Ali Baba se bat-il ?40
93%
Quel adjectif qualifie le mardi qui précède le mercredi des Cendres ?gras
93%
Quel mammifère, pourvu de défenses, porte le nom d'un code télégraphique ?morse
83%
Quelle activité, à la fois étude scientifique et pratique sportive, consiste à explorer les cavités du sous-sol ?spéléologie
79%
En mathématiques, le numérateur est situé au-dessus de la barre de fraction. Comment appelle-t-on le terme situé au dessous ?dénominateur
79%
Dans quelle grande ville française peut-on se promener dans le parc de la Tête d'Or et s'attabler sur la place des Terreaux ?Lyon
76%
Comment appelle-t-on les habitants de la Flandre ?Flamands
76%
Dans quel sport collectif tire-t-on des lancers francs ?basket-ball
66%
De quel fruit la guigne est-elle une variété ?cerise
66%
Familièrement, que désigne le mot "biclou"?vélo
48%

Distribution des résultats

Percentile by Number Answered

% des personnes avec chaque résultat

Votre développement - résultats

Vous n’avez pas pris ce quiz